00371cam a22000977a 4500008004000000082001700040245011800057260003500175300001000210700005300220180718b1972 xxu||||| |||| 00| 0 eng d aL243x42 Un3t aTax treatment of private investment in developing countirescby Department of Economic and Social Affairs, U.S.A. aNew YorkbUnited Nationsc1972 a13+p. aU.S.A. Department of Economic and Social Affairs